Welcome to the Holygrace Academy Library

Please use search bar below to get started

AYIRATHONNU RAVUKAL (Record no. 1141)

MARC details
000 -LEADER
fixed length control field 00299nam a22001337a 4500
082 ## - DEWEY DECIMAL CLASSIFICATION NUMBER
Classification number 894.812.3
Item number KAV/A
100 ## - MAIN ENTRY--AUTHOR NAME
Personal name A B V KAVILPPAD
245 ## - TITLE STATEMENT
Title AYIRATHONNU RAVUKAL
250 ## - EDITION STATEMENT
Edition statement 5
260 ## - PUBLICATION, DISTRIBUTION, ETC. (IMPRINT)
Place of publication THRISSUR
Name of publisher H&C PUBLISHING HOUSE
Year of publication 2008
300 ## - PHYSICAL DESCRIPTION
Number of Pages 96
650 ## - SUBJECT ADDED ENTRY--TOPICAL TERM
Topical Term SHORT STORY
Geographic subdivision KERALA
942 ## - ADDED ENTRY ELEMENTS (KOHA)
Koha item type Books
Holdings
Withdrawn status Lost status Collection code Home library Current library Shelving location Date acquired Source of acquisition Cost, normal purchase price Full call number Accession Number Koha item type
    Fiction Main Library Main Library SHELF-6C MALAYALAM SHORT STORIES 06/03/2014 PURCHASE 10.00 894.812.3 KAV/A 07715 Books
    Fiction Main Library Main Library SHELF-6D- MALAYALAM SHORT STORIES 18/11/2006 PURCHASE 10.00 894.812.3 KAV/A 04058 Books